| 000 | 00456nam a22001577a 4500 | ||
|---|---|---|---|
| 082 |
_a355.43 _bHAR _cL-30, P-17 |
||
| 100 |
_aHart, B.H Liddell _946426 |
||
| 245 | _aStrategy the indirect approach | ||
| 260 |
_aLondon _bFaber & Faber limited _c1967 |
||
| 300 | _a430 p; | ||
| 526 |
_a0 _b0 _c0 _d355_430000000000000_HAR |
||
| 526 |
_a0 _b0 _c0 _d355_430000000000000_HAR |
||
| 526 |
_a0 _b0 _c0 _d355_430000000000000_HAR |
||
| 650 |
_aMCE _9379 |
||
| 942 |
_2ddc _cBK |
||
| 999 |
_c551667 _d551667 |
||